De los Andes a la Gran Muralla: 40 años de relaciones entre Chile y China

Uloženo v:
Podrobná bibliografie
Korporativní autor: Biblioteca del Congreso Nacional de Chile (Autor)
Médium: Kniha
Jazyk:španělština
Vydáno: Valparaíso Biblioteca del Congreso Nacional de Chile 2010
Vydání:1a. ed
Edice:Asia Pacífico
Témata:
Tagy: Přidat tag
Žádné tagy, Buďte první, kdo vytvoří štítek k tomuto záznamu!

MARC

LEADER 00000cam a2200000 a 4500
001 UCD6667
003 CL-VaPUC
008 170108e20100000cl |||||||||||||||||spa|d
020 |a 9789567629107 
082 0 4 |a 382.0983  |b BIB  |2 21 
110 2 |a Biblioteca del Congreso Nacional de Chile  |e author  |9 590496 
245 1 0 |a De los Andes a la Gran Muralla: 40 años de relaciones entre Chile y China 
250 |a 1a. ed 
300 |a 118 p 
942 |c BK 
945 |d 20170108 00:10:00  |a dcastane 
260 |a Valparaíso  |b Biblioteca del Congreso Nacional de Chile  |c 2010 
650 7 |a RELACIONES COMERCIALES  |2 CL-VaPUC  |9 322074 
650 0 |a Comercio exterior  |9 257617 
583 |a last modification  |c 20170108 00:10:00  |k Rodrigo Vera 
490 0 |a Asia Pacífico 
999 |c 366894  |d 366892 
952 |0 0  |1 0  |3 erb  |4 0  |6 382_098300000000000_BIB_2010  |7 0  |8 C  |9 481530  |a BIBCUR  |b BIBCUR  |i 5359031  |o 382.0983 BIB 2010  |p 5359031  |r 2025-04-22  |w 2019-11-24  |y BK  |z Catalogado en:20170108  |k EXP